Dinámica social y programas de comunicación /

Spremljeno u:
Bibliografski detalji
Glavni autor: Cabrera, Roberto
Format: Tekst
Oznake: Dodaj oznaku
Bez oznaka, Budi prvi tko označuje ovaj zapis!

MARC

LEADER 00000 a a2200000 04500
001 45390
003
040
090 |a REV0780 (3)1977  
100 |a Cabrera, Roberto  
245 |a Dinámica social y programas de comunicación /  |c Roberto Cabrera  
773 |g número3, II Epoca (Enero - Junio, 1977), páginas 137-195  
999 |c 26938  |d 26938